|
|
|
|
| LEADER |
01959nam a2200337 a 4500 |
| 001 |
3959358 |
| 008 |
100923r19971994at a b 001 0 eng d |
| 010 |
|
|
|a 94011130
|
| 020 |
|
|
|a 8120311752
|
| 020 |
|
|
|a 0131484044
|
| 040 |
|
|
|a DLC
|c DLC
|d DLC
|d DB-DhAAL
|
| 082 |
0 |
0 |
|a 004.2/1
|2 20
|
| 100 |
1 |
|
|a Hawryszkiewycz, I. T.
|
| 245 |
1 |
0 |
|a Introduction to systems analysis and design /
|c I.T. Hawryszkiewycz.
|
| 246 |
3 |
|
|a Systems analysis and design
|
| 250 |
|
|
|a 3rd ed.
|
| 260 |
|
|
|a Sydney ;
|a New York ;
|a New Delhi :
|b Prentice Hall,
|c c1994.[reprinted 1997]
|
| 300 |
|
|
|a xviii, 490 p. :
|b ill. ;
|c 25 cm.
|
| 504 |
|
|
|a Includes bibliographical references and index.
|
| 541 |
1 |
|
|e 00007113
|
| 650 |
|
0 |
|a System analysis.
|
| 650 |
|
0 |
|a System design.
|
| 852 |
4 |
|
|a Ayesha Abed Library
|j General Shelf.
|
| 999 |
|
|
|c 9546
|d 9546
|
| 952 |
|
|
|0 0
|1 0
|2 ddc
|4 0
|6 004_210000000000000_HAW_1997
|7 0
|9 12045
|a BRACUL
|b BRACUL
|c GEN
|d 2010-09-23
|l 0
|o 004.21 HAW
|p 3010007113
|r 2010-09-23
|t 1
|w 2010-09-23
|y BK
|
| 952 |
|
|
|0 0
|1 0
|2 ddc
|4 0
|6 004_210000000000000_HAW_1997
|7 0
|9 12046
|a BRACUL
|b BRACUL
|c GEN
|d 2010-09-23
|l 0
|o 004.21 HAW
|p 3010007114
|r 2010-09-23
|t 2
|w 2010-09-23
|y BK
|
| 952 |
|
|
|0 0
|1 0
|2 ddc
|4 0
|6 004_210000000000000_HAW_1997
|7 0
|9 12047
|a BRACUL
|b BRACUL
|c GEN
|d 2010-09-23
|l 0
|o 004.21 HAW
|p 3010007115
|r 2010-09-23
|t 3
|w 2010-09-23
|y BK
|
| 952 |
|
|
|0 0
|1 0
|2 ddc
|4 0
|6 004_210000000000000_HAW_1997
|7 0
|9 12048
|a BRACUL
|b BRACUL
|c GEN
|d 2010-09-23
|l 1
|m 5
|o 004.21 HAW
|p 3010006646
|r 2025-09-22
|s 2025-07-16
|t 4
|w 2010-09-23
|y BK
|
| 952 |
|
|
|0 0
|1 0
|2 ddc
|4 0
|6 004_210000000000000_HAW_1997
|7 0
|9 12049
|a BRACUL
|b BRACUL
|c GEN
|d 2010-09-23
|l 0
|o 004.21 HAW
|p 3010006653
|r 2010-09-23
|t 5
|w 2010-09-23
|y BK
|
| 952 |
|
|
|0 0
|1 0
|2 ddc
|4 0
|6 004_210000000000000_HAW_1997
|7 0
|9 12050
|a BRACUL
|b BRACUL
|c GEN
|d 2010-09-23
|l 1
|o 004.21 HAW
|p 3010007625
|r 2017-12-20
|s 2017-12-17
|t 6
|w 2010-09-23
|y BK
|
| 952 |
|
|
|0 0
|1 0
|2 ddc
|4 0
|6 004_210000000000000_HAW_1997
|7 0
|9 12051
|a BRACUL
|b BRACUL
|c GEN
|d 2010-09-23
|l 0
|o 004.21 HAW
|p 3010007626
|r 2010-09-23
|t 7
|w 2010-09-23
|y BK
|